000 00764nam a2200241Ia 4500
003 OSt
005 20220926035552.0
006 a|||||r|||| 00| 0
007 ta
008 220923b |||||||| |||| 00| 0 eng d
037 _cGeneral Book
040 _aRTL
_cRTL
_beng
041 _2eng
_aeng
082 _aX:16:B, G5
100 _aAllen R G D
_9123428
245 0 _aFamily expenditure
_b A study of its variation
260 _c1935
490 _aLondon School of Economics and Political Science, Studies in Statistics and Scientific Mehtod, ed by A L Bowley and A Wolf,2
650 _aStandard of Living Economics
700 _a Bowley A L
_9123429
942 _hX:16:B, G5
_cGB
_2CC
999 _c662562
_d662562